00619nam a22001937a 450000500170000001000370001702000260005403500140008003500160009403700230011003700130013308200080014624500570015426000340021127000890024530000200033450000510035470000200040520180614124440.0 a1718EN-30ENG-122086 B-688820-21 a9789385160288c695.00 aEN-105618 aB-688820-21 bBhairavi Pub.adpl bDBAD/PUB a150 aHandbook of psychology / cedited by Harsharan Singh c2015aNew DelhibLenin Media  a202, 2nd Floor, 4832/24, Prahlad Street, Ansari Road, Darya Ganj,bNew Delhie110002 c22cm(Hb)a312p. aIncludes bibliographical references and index  aHarsharan Singh